| 000 | 00596nam a22001817a 4500 | ||
|---|---|---|---|
| 999 |
_c19315 _d19315 |
||
| 008 | 240223b ||||| |||| 00| 0 eng d | ||
| 020 | _a9781119767411 | ||
| 082 |
_aDC 333.332 _bW97 2023 |
||
| 100 |
_aWyatt, Peter. _953152 |
||
| 245 |
_aProperty valuation / _cPeter Wyatt. |
||
| 250 | _aThird edition. | ||
| 260 |
_aNew Jersey, NJ : _bJohn Wiley & Sons Ltd., _c©2023. |
||
| 300 |
_ax, 540 pages : _billustrations ; _c24 cm. |
||
| 500 | _aIncludes references, appendix, glossary and index. | ||
| 650 |
_aValuation. _953153 |
||
| 650 |
_aReal property _xValuation. _931217 |
||
| 942 |
_2ddc _cDC |
||